00838nam a2200241 a 450000100060000000300080000600500170001400800410003102000150007203500190008704000270010604100080013308200290014110000280017024500740019826000400027230000240031250400410033665000360037794200120041399900170042595201540044261995BD-RjUL20211209081028.0170122s1998 ii b s100 0 eng  a8175441666 a(BD-RjUL)62120 aDLCcDLCdBD-RjULbeng aeng00a658.840954223bRAE 19981 a Ramu, S. Shiva918448310aExport marketing :ba practical guide for exporters /cS. Shiva Ramu. aNew Delhi : bWheeler Pub., c1998. axi,149 p. ;c23 cm. aIncludes bibliographical references. 0aExport marketingzIndia9184484 2ddccBK c61995d61995 00102ddc40718NFICaRUCLbRUCLcReadingd2002-11-25esmarts books, dhakag140.63l0o658.840954 RAE 1998r2017-01-22 00:00:00tC-1w2017-01-22yBK